00753nam a22002057a 45000050016000000100014000160200026000300350013000560370013000690820010000821000022000922450134001142600039002482700046002873000029003337000009003629420024003719990017003959520135004122010072205365.0 aENG-97062 a9788183571210c270.00 aEN-80595 bDBAD/PUB a915.4 aChopra, J.K.9790 aUnique quintessence of geography Indian:cby J.K. Chopra bfor UPSC civil services and state public services main examination /  aNew DelhibUnique publishersc2010 bNew Delhie110024aM-51, Lajpat Nagar-ii, axii, 532 p.c24 cm (pbk) 91438 2ddccENmCHOh915.4 c37709d37709 001040718NFICaDBADbDBADd2010-07-26eDBAD/PUBg270.00l0o915.4 CHOpEN-80595r2010-07-26 00:00:00t1v270.00w2010-07-26yEN